Piłkarze, którzy otrzymali kartę wspominkową w grze FIFA 20 - Statystyki

Ogólne statystyki
  • Ten quiz został rozwiązany 41 razy
  • Średni wynik to 11 z 49
Statystyki odpowiedzi
Pozycja Liga Piłkarz % Poprawnych
BR Bundesliga Manuel Neuer
89%
BR Serie A Gianluigi Buffon
76%
ŚO Bundesliga Jerome Boateng
58%
ŚO Serie A Giorgio Chiellini
47%
CLS Premier League Marcos Alonso
47%
PO Bundesliga Łukasz Piszczek
45%
LO La Liga Marcelo
42%
ŚP J1 League (Liga japońska) Andres Iniesta
39%
ŚO Bundesliga Mats Hummels
34%
ŚP CSL Paulinho
34%
ŚO Premier League David Luiz
32%
ŚO CSL (Liga chińska) Miranda
32%
ŚP La Liga Luka Modrić
26%
LO Ligue 1 Fabio
24%
PO Ligue 1 Rafael
24%
ŚPD Bundesliga Axel Witsel
21%
ŚO La Liga Eder Militao
21%
ŚPO EFL Championship Wayne Rooney
21%
ŚP Serie A Allan
18%
N Serie A Dries Mertens
18%
PS Serie B Jonathan Biabiany
18%
PP Super Lig (Liga turecka) Ricardo Quaresma
18%
ŚO Premier League Angelo Ogbonna
16%
ŚP La Liga Arturo Vidal
16%
LO Premier League Christian Fuchs
16%
ŚN CSL Hulk
16%
ŚPD SAF (Liga argentyńska) Marcelo Diaz
16%
N Serie A Mario Balotelli
16%
N Serie A Rodrigo Palacio
16%
PS Premier League Theo Walcott
16%
ŚPO Liga NOS Adel Taarabt
13%
PP Bundesliga Alexander Esswein
13%
LP Serie A Ashley Young
13%
ŚPD CSL Javier Mascherano
13%
ŚPO Superleague Ellada (Liga grecka) Mathieu Valbuena
13%
N Liga paragwajska Oscar Cardozo
13%
PO Premier League Seamus Coleman
13%
LP EFL Championship Aiden McGeady
11%
LS Serie A Alexis Sanchez
11%
ŚPD MLS (Liga amerykańska) Blaise Matuidi
11%
ŚO Premier League Cesar Azpilicueta
11%
ŚP Ligue 1 Cesc Fabregas
11%
N La Liga Diego Costa
11%
LS Serie A Gervinho
11%
ŚPO Premier League Juan Mata
11%
ŚPD Bundesliga Nuri Sahin
11%
ŚP Ligue 1 Wylan Cyprien
11%
N SAF Mauro Zarate
8%
N Premier League Shane Long
8%
Nie znaleziono quizów pasujących do podanych kryteriów
Rozkład punktacji
Procent ludzi z każdym wynikiem
Percentyl według liczby udzielonych odpowiedzi
Twoja historia wyników
Nie rozwiązałeś tego quizu